Normal view
MARC view
- فلوبير، غوستاف ؛ ترجمة الدار ؛ مراجعة محمد إنصاف طرابلسي
Entry Personal Name
001 - CONTROL NUMBER
- control field: 34757
003 - CONTROL NUMBER IDENTIFIER
- control field: JO-AjAnu
005 - DATE AND TIME OF LATEST TRANSACTION
- control field: 20230606075823.0
008 - FIXED-LENGTH DATA ELEMENTS
- fixed length control field: 230606|| aca||aabn | a|a d
040 ## - CATALOGING SOURCE
- Original cataloging agency: JO-AjAnu
- Transcribing agency: JO-AjAnu
100 ## - HEADING--PERSONAL NAME
- Personal name: فلوبير، غوستاف ؛ ترجمة الدار ؛ مراجعة محمد إنصاف طرابلسي
670 ## - SOURCE DATA FOUND
- Source citation: Work cat.: (JO-AjAnu)17851: فلوبير، غوستاف ؛ ترجمة الدار ؛ مراجعة محمد إنصاف طرابلسي, author, عشيق مدام آرنو